A szolnoki temető története és történelmi vonatkozású síremlékei

Elmentve itt :
Bibliográfiai részletek
Szerző: Berczi Viktor
További közreműködők: Döbör András (Témavezető)
Dokumentumtípus: Szakdolgozat
Megjelent: 2008
Tárgyszavak:
Online Access:http://diploma.bibl.u-szeged.hu/90247
LEADER 00663nta a2200193 i 4500
001 dipl90247
005 20201214145124.0
008 201214s2008 hu om 0|| zxx d
040 |a SZTE Diploma Repozitórium  |b hun 
041 |a zxx 
100 1 |a Berczi Viktor 
245 1 2 |a A szolnoki temető története és történelmi vonatkozású síremlékei  |h [elektronikus dokumentum] /  |c Viktor Berczi 
260 |c 2008 
650 4 |a Bölcsészettudományok 
650 4 |a Humanities 
650 4 |a History and archaeology 
650 4 |a History 
700 1 |a Döbör András  |e ths 
856 4 0 |u http://diploma.bibl.u-szeged.hu/id/eprint/90247/1/2008_berczi_viktor.pdf  |z Dokumentum-elérés